00000000nam 2200000za 4500
0019.852438
003CaOODSP
00520221107154601
007cr |||||||||||
008180227s1966    onc    #o    f000 0 eng d
040 |aCaOODSP|beng
043 |an-cn-qu
0861 |aR32-437/1966E-PDF
24500|aSurrender of Indian lands in the province of Québec since confederation |h[electronic resource] : |blisting.
260 |aOttawa : |bTreaties and Historical Research Centre, |c1966.
300 |a3 p.
500 |aTitle from cover.
500 |aDigitized edition from print [produced by Indigenous and Northern Affairs Canada].
520 |a"List of surrenders of Indian lands in the province of Québec since confederation"--p. [1].
69207|2gccst|aLand claims
69207|2gccst|aAboriginal lands
69207|2gccst|aCanadian history
7102 |aTreaties and Historical Research Centre (Canada)
7101 |aCanada. |bIndian and Northern Affairs Canada.
85640|qPDF|s603 KB|uhttps://publications.gc.ca/collections/collection_2018/aanc-inac/R32-437-1966-eng.pdf